000 00572nam a2200205 u 4500
001 66568
005 20180714074403.0
008 161201s2009 xx r 000 0 spa d
020 _a978-84-493-0855-0
082 _a149.97
_bFRO
100 1 _aFromm, Erich
_eautor
245 1 3 _aLa condición Humana actual.
250 _aPrimera edición
264 _aBarcelona
_bPaidos
_c2009
300 _a142 Páginas , ;
_c24 cm.
336 _atexto
_2rdacontent
337 _asin mediación
_2rdamedia
338 _avolumen
_2rdacarrier
650 0 _aPsicología
999 _c66568
_d66568